Software Engineering: An Engineering Approach (Record no. 274)

MARC details
000 -LEADER
fixed length control field 00452nam a22001697a 4500
005 - DATE AND TIME OF LATEST TRANSACTION
control field 20180205170540.0
008 - FIXED-LENGTH DATA ELEMENTS--GENERAL INFORMATION
fixed length control field 160429b xxu||||| |||| 00| 0 eng d
020 ## - INTERNATIONAL STANDARD BOOK NUMBER
ISBN 9971-51-309-9
041 ## - LANGUAGE CODE
Language code of text/sound track or separate title eng
082 ## - DEWEY DECIMAL CLASSIFICATION NUMBER
Item number 00839
Classification number 005.1
100 ## - MAIN ENTRY--AUTHOR NAME
Personal name Peters, James F.
245 ## - TITLE STATEMENT
Title Software Engineering: An Engineering Approach
260 ## - PUBLICATION, DISTRIBUTION, ETC. (IMPRINT)
Place of publication New York
Name of publisher John wilry & Sons, Inc,
Year of publication 2004
300 ## - PHYSICAL DESCRIPTION
Number of Pages 702
650 ## - SUBJECT ADDED ENTRY--TOPICAL TERM
Topical Term Information Technology
942 ## - ADDED ENTRY ELEMENTS (KOHA)
Koha item type Books
Holdings
Lost status Damaged status Collection code Home library Current library Shelving location Date acquired Cost, normal purchase price Full call number Accession Number Koha item type
    CS/IT JRU Library JRU Library SHELF-53-H 29/04/2016 395.25 005.1 00839 Books
    CS/IT JRU Library JRU Library SHELF-50-A 29/04/2016 395.25 005.1 00840 Books